| 000 | 00920nas a2200313 4500 | ||
|---|---|---|---|
| 001 | BR2012009164 | ||
| 003 | BR-BrBNA | ||
| 005 | 20231205121552.0 | ||
| 007 | ta | ||
| 008 | 230509b bl.|||p| |||| 00| 00por d | ||
| 040 |
_aBR-BrBNA _bpor _cBiblioteca Nacional de Agricultura |
||
| 041 | _a(Pt) | ||
| 072 | _aL02; D50; L01 | ||
| 100 | 1 | _aPflanzer, S.B. | |
| 100 | 1 | _aFelício, P.E. de | |
| 245 | 1 | _aO que são e como funcionam os beta-agonistas na produção de carne bovina | |
| 650 | _aBOVINO | ||
| 650 | _aCARNE | ||
| 650 | _aCARCAÇA | ||
| 650 | _aADITIVO | ||
| 650 | _aANÁLISE QUÍMICA | ||
| 650 | _aREGULADOR DE CRESCIMENTO | ||
| 650 | _aRAÇÃO | ||
| 650 | _aLEGISLAÇÃO | ||
| 773 | 0 |
_tHigiene Alimentar (Brazil) _xISSN 0101-9171 _g(Jul-Aug 2012), v. 26(210-211) p. 206-212 _wBR2012009164 |
|
| 856 | 4 | 0 | _uPRODUÇÃO ANIMAL |
| 909 |
_a202311 _bLúcia _c55 _dLúcia Elande |
||
| 942 |
_2AGRIS _n0 _cANA |
||
| 999 |
_c224165 _d224165 |
||